| 000 | 00866nam a22002297a 4500 | ||
|---|---|---|---|
| 008 | 130821s1998 xxua gr eng | ||
| 020 | _a1888363932 | ||
| 040 |
_aCo-BoUCM _bspa |
||
| 041 | 0 | 0 | _aeng |
| 100 | 1 |
_aWebb, Gary. _9171651 |
|
| 245 | 1 | 0 |
_aDark alliance the CIA, the Contras, and the crack cocaine explosion _cGary Webb. |
| 260 |
_aNueva York (Estados Unidos) _bSeven Stories Press _cc1998 |
||
| 300 |
_axxiii, 574 páginas _bilustraciones |
||
| 504 | _aIncluye referencias bibliográficas e índice. | ||
| 650 | 0 | 4 |
_aAbuso de drogas _zEstados Unidos _98283 |
| 650 | 0 | 4 |
_aContrarrevolucionarios _zNicaragua _911802 |
| 650 | 0 | 4 |
_aCrack _zEstados Unidos _912074 |
| 650 | 0 | 4 |
_aProblemas sociales _922324 |
| 651 | 1 | 0 |
_aUnited States _bCentral Intelligence Agency _927383 |
| 942 |
_cLIBRO _a6 _e1 _mW365d _2DEWEY _h363.45 |
||
| 999 |
_c91308 _d91308 |
||